<?xml version="1.0" encoding="UTF-8"?>
<marc:record xmlns:marc="http://www.loc.gov/MARC21/slim">
   <marc:leader>00000nam a2200000 a 4500</marc:leader>
   <marc:datafield ind1="1" ind2=" " tag="100">
      <marc:subfield code="a">Piekarsky, Alyson</marc:subfield>
      <marc:subfield code="4">aut</marc:subfield>
      <marc:subfield code="e">Verfasser/-in</marc:subfield>
   </marc:datafield>
   <marc:datafield ind1=" " ind2=" " tag="653">
      <marc:subfield code="a">Spiel</marc:subfield>
   </marc:datafield>
   <marc:datafield ind1=" " ind2=" " tag="653">
      <marc:subfield code="a">ToniePlay</marc:subfield>
   </marc:datafield>
   <marc:datafield ind1=" " ind2=" " tag="653">
      <marc:subfield code="a">Alltag</marc:subfield>
   </marc:datafield>
   <marc:datafield ind1=" " ind2=" " tag="653">
      <marc:subfield code="a">Entscheidungen</marc:subfield>
   </marc:datafield>
   <marc:datafield ind1="0" ind2="0" tag="245">
      <marc:subfield code="a">Lalalinos: Dein Tag in Bumbaloo!</marc:subfield>
   </marc:datafield>
   <marc:datafield ind1="0" ind2="0" tag="245">
      <marc:subfield code="b">ToniePlay</marc:subfield>
   </marc:datafield>
   <marc:datafield ind1="0" ind2="0" tag="245">
      <marc:subfield code="c">Piekarsky, Alyson</marc:subfield>
   </marc:datafield>
   <marc:datafield ind1=" " ind2="1" tag="264">
      <marc:subfield code="b">tonies GmbH</marc:subfield>
      <marc:subfield code="c">2025</marc:subfield>
   </marc:datafield>
   <marc:datafield ind1="1" ind2=" " tag="520">
      <marc:subfield code="a">Inhalt:&#xD;
Auf ins musikalische Bumbaloo mit den LaLaLinos!&#xD;
Bist du bereit, um mit Cosmo, Scout und Akio ihre magisch-musikalische Heimatstadt Bumbaloo zu erkunden? Entdecke Instrumente, lern die schönsten Plätze in Bumbaloo kennen und mach gemeinsam mit den Lalalinos Musik! Du entscheidest: Mit mehr als 20 möglichen Wendungen und 3 spannenden Orten in Bumbaloo wartet hier hinter jeder Ecke ein neues musikalisches Abenteuer.&#xD;
&#xD;
So funktioniert’s:&#xD;
Du entscheidest, was passiert!&#xD;
&#xD;
1. Lege die Tonieplay Disc auf die Toniebox 2 und drücke ein Ohr, um die Toniebox 2 einzuschalten.&#xD;
&#xD;
2. Stelle den Tonieplay Controller in die Mitte des LED-Rings und drücke auf den Knopf.&#xD;
&#xD;
3. Los geht’s! Lass dich überraschen und entdecke, wie viel Musik und Spaß ein Tag in Bumbaloo zu bieten hat.&#xD;
&#xD;
Hinweis:&#xD;
Zum Spielen werden eine Toniebox 2 und ein Tonieplay Controller benötigt (separat entlehnbar).</marc:subfield>
   </marc:datafield>
   <marc:datafield ind1=" " ind2=" " tag="041">
      <marc:subfield code="a">ger</marc:subfield>
   </marc:datafield>
   <marc:datafield ind1="1" ind2=" " tag="521">
      <marc:subfield code="a">3+</marc:subfield>
   </marc:datafield>
   <marc:datafield ind1=" " ind2=" " tag="300">
      <marc:subfield code="a">1 Tonieplay-Disc, 1 Anleitung</marc:subfield>
   </marc:datafield>
</marc:record>
